00861 2200313 4500001002100000005001500021007000300036008004100039020002200080035002000102040001700122041000800139082001000147084001600157090002000173100003300193245008400226250001100310264003800321300003600359336002100395337003000416338002300446650001100469850001000480990001900490990001900509990001900528INLIS00000000000810620260529082911ta260529 0  a978-602-7991-75-0 a0010-0922000595 aSBPUPADbind07aind a749.3 a749.3 AYU a a751 FAU m L23-60 aAyu Wulan FiryaniePengarang1 aAksesori Unik dan Keren dari Kabel Lilit /cAyu Wulan Firyani; Penyunting, Budi a.-ce.1 a.--Jakarta :bDunia Kreasi,c2014 a90 hlm :bilus. ;c17,5 x 24 cm 2rdacontentateks 2rdamediaatanpa perantara 2rdacarrieravolume 4aKreasi aPUPAD a22.539/KAPD116 a22.540/KAPD116 a22.541/KAPD116